• 首页
  • 本馆介绍
  • 公告通知
  • 最新文献
  • 馆藏检索
  • 电子资源
  • 读者导购
  • 参考咨询
  • 我的图书馆
  • 登录
  • 详细信息显示
  • 放入我的书架
  • 预约/预借图书
  • 作者相关作品
  • 分类相关作品
  • 丛书相关作品
  • 出版社相关作品

书目信息

  • 表格格式
  • 工作单格式
  • 卡片格式
题名:
遗传学实验技术
    
 
作者: 卢龙斗 常重杰
分册:  
出版信息: 北京   科学出版社  2007
页数: 254
开本: 26cm
丛书名:
单 册:
中图分类: Q3-3
科图分类:
主题词: 遗传学--研究方法 , 实验遗传学
电子资源:
ISBN: 7-03-019872-3
000 00601nam0 2200193 450
001 1735540546
005 20170410095220.54
010    @a7-03-019872-3@d¥23.00
100    @a20170410d km y0chiy0120 ea
101 0  @achi
200 1  @a遗传学实验技术@Ayi chuan xue shi yan ji shu@f卢龙斗 常重杰@Flu long dou chang zhong jie
210    @a北京@c科学出版社@d2007
215    @a254@d26cm
606 0  @a遗传学@x研究方法
606 0  @a实验遗传学
690    @aQ3-3@v4
701  0 @a卢龙斗 常重杰@Alu long dou chang zhong jie
801  0 @aCN@b大连网信软件有限公司图书馆·11@c20170410
905    @b6602697@dQ3-3@en5@f1
    
    遗传学实验技术/卢龙斗 常重杰.-北京:科学出版社,2007
    254;26cm
    
    
    ISBN 7-03-019872-3:¥23.00
    
●
相关链接 在E读中查询图书 在五车中查询图书 在当当中查询图书 在豆瓣中查询图书


正题名:遗传学实验技术     索取号:Q3-3/n5         预约/预借

序号 登录号 条形码 馆藏地/架位号 状态 备注
1 6602697   266026971   密集书库-生命科学系/ [索取号:Q3-3/n5] 在馆    
唐山师范学院图书馆 欢迎您!
大连网信软件有限公司© 版权所有